000 01086cam a2200133 4500500
005 20251214004204.0
041 _afre
042 _adc
100 1 0 _aGaston-Sloan, Delphine
_eauthor
245 0 0 _aL'histoire de France à travers ses monuments : Grande histoire et petits secrets
260 _bArmand Colin,
_c2023.
520 _aQuel meilleur moyen pour découvrir l’Histoire de France qu’une excursion dans des lieux chargés de mémoire ? Ainsi, les grottes de Lascaux, le pont du Gard, le Louvre, la Sainte Chapelle, le château de Chenonceau, l'Opéra Garnier ou plus récemment le stade de France témoignent de notre passé. Évoquant à la fois des ouvrages d’architecture et de sculpture, Delphine Gaston-Sloan traverse les âges et nous livre la grande Histoire et les petits secrets de nos édifices. Au fil de chapitres riches en anecdotes, elle unit le patrimoine et l'Histoire pour le plaisir du savoir et de la lecture.
856 4 1 _uhttps://shs.cairn.info/l-histoire-de-france-a-travers-ses-monuments--9782200634216?lang=fr&redirect-ssocas=7080
999 _c1568293
_d1568293